| 000 | 00595nam a2200157 i 4500 | ||
|---|---|---|---|
| 001 | bg | ||
| 245 | 0 |
_aBadania w zakresie żywienia zwierząt w Polsce : _bmateriały z XVI Sesji Naukowej Komisjii Żywienia Zwierząt i Gospodarki Paszowej Komitetu Nauk Zootechnicznych PAN, Warszawa 20-21.09.1983. |
|
| 260 |
_aWarszawa, _c1989. |
||
| 490 | 1 |
_aZeszyty Problemowe Postępów Nauk Rolniczych ; _vz.360 |
|
| 830 | _aZeszyty Problemowe Postępów Nauk Rolniczych ; | ||
| 040 | _cBPK | ||
| 041 | _apol | ||
| 080 | _a636.084/.087(061.3) | ||
| 942 | _cKS | ||
| 008 | s pl f |000 0 pol | ||
| 999 |
_c28964 _d28964 |
||
| 856 |
_uhttp://koha.tu.koszalin.pl/cgi-bin/koha/opac-detail.pl?biblionumber=28964 _yKatalog online BPK |
||